000 00557nam a2200157Ia 4500
008 230921s9999||||xx |||||||||||||| ||und||
020 _a978-3-319-93623-9
041 _aEN
100 _aEleonora Esposito, Carolina Pérez-Arredondo, José Manuel Ferreiro
245 0 _aDiscourses from Latin America and the Caribbean
250 _a1st ed. 2019
260 _c2019
_bSpringer International Publishing
856 _uhttps://doi.org/10.1007/978-3-319-93623-9
856 _uhttps://link.springer.com/openurl?genre=book&isbn=978-3-319-93623-9
942 _cEB
999 _c253156
_d253156